U.S. County Prefixes - Statistics

General Stats
  • This quiz has been taken 58 times
    44 since last reset
  • The average score is 17 of 23
Answer Stats
Hint Answer % Correct
____ Barbara, ____ Clara, ____ Cruz, ____ Fe, ____ Rosa Santa
95%
____ Alamos, ____ Angeles Los
89%
____ Castle, ____ Hanover, ____ Kent, ____ Madrid, ____ York New
89%
____ Augustine, ____ Benito, ____ Bernardino, ____ Diego, ____ Francisco, ____ Jacinto, ____ Joaquin, ____ Juan, ____ Luis Obispo, ____ Mateo, ____ Miquel, ____ Patricio, ____ Saba San
84%
____ Spring, ____ Springs Hot
82%
____ Bernard, ____ Charles, ____ Clair, ____ Croix, ____ Francis, ____ Francois, ____ Helena, ____ James, ____ John the Baptist, ____ Johns, ____ Joseph, ____ Landry, ____ Lawrence, ____ Louis, ____ Lucie, ____ Martin, ____ Mary, ____ Mary’s, ____ Tammany St.
82%
____ Alto, ____ Pinto Palo
79%
____ Buren, ____ Wert, ____ Zandt Van
79%
____ Crosse, ____ Moure, ____ Paz, ____ Plata, ____ Porte, ____ Salle La
76%
____ Arriba, ____ Blanco, ____ Grande Rio
76%
____ and Queen, ____ George, ____ William King
74%
____ Edward, ____ George, ____ George’s, ____ of Wales-Hyder, ____ William Prince
74%
____ Baca, ____ Kalb, ____Soto, ____Witt De
71%
____ Forks, ____ Isle, ____ Traverse Grand
71%
____ Horn, ____ Stone Big
68%
____ Girardeau,____ May Cape
68%
____ and Peninsula, ____ of the Woods Lake
68%
____ Flore, ____ Sueur Le
66%
____ Butte, ____ Elder Box
63%
____ Lake, ____ River, ____ Willow Red
63%
____ Baton Rouge, ____ Carroll, ____ Feliciana East/West
61%
____ City, ____ Mix Charles
53%
____ Hogg, ____ Wells Jim
53%
No matching quizzes found
Score Distribution
Percent of People with Each Score
Percentile by Number Answered
Your Score History
You have not taken this quiz since the last reset